Bolívar y la guerra social /. (Registro nro. 13514)

Detalles MARC
000 -LIDER
fixed length control field 00956nam a2200265 a 4500
003 - IDENTIFICACDOR DE NÚMERO DE CONTROL
control field Ost
005 - DATE AND TIME OF LATEST TRANSACTION
control field 20210519090647.0
008 - ELEMENTOS DE LONGITUD FIJA
fixed length control field 190322s2020 dr r 000 0 spa d
020 ## - ISBN
International Standard Book Number 9789945503814
040 ## - FUENTE DE CATALOGACIÓN
Agencia que crea de manera original el registro BPMSU
Idioma de catalogación spa
Agencia que realiza la transcripción BPMSU
082 ## - NÚMERO DE CLASIFICACIÓN DECIMAL DE DEWEY
Classification number 987.04
Item number B742B
Edition number 22
100 1# - ASIENTO PRINCIPAL -- NOMBRE PERSONAL
Nombre personal Bosch, Juan,
Fechas asociadas con el nombre 1909-2001
9 (RLIN) 1
245 10 - MENCIÓN DE TITULO
Título Bolívar y la guerra social /.
Mención de responsabilidad Juan Bosch; prólogo Matías Bosch
260 ## - PUBLICACIÓN, DISTRIBUCIÓN, ETC. (PIE DE IMPRENTA)
Lugar de publicación, distribución, etc Santo Domingo :
Nombre del editor, distribuidor, etc. Ministerio de Cultura <
-- Editora Nacional,
Fecha de publicación, distribución, etc 2020
300 ## - DESCRIPCIÓN FÍSICA
Extensión 203 p. ;
Dimensiones 20 cm.
490 0# - MENCIÓN DE SERIES
Mención de serie Biblioteca dominicana básica ;
-- Ensayo,
Volume/sequential designation 25
500 ## - NOTA GENERAL
Materiales especificados Incluye referencias biográficas del autor en la solapa de la cubierta
590 ## - NOTA LOCAL
Enlace Inventariado, 2021/VM
600 #4 - ENCABEZAMIENTO DE MATERIA--NOMBRE PERSONAL
Nombre personal Bolívar, Simón,
Fechas asociadas con el nombre 1783-1830
651 #4 - ENCABEZAMIENTO DE MATERIA--NOMBRE GEOGRÁFICO
Nombre geográfico Venezuela
Subdivisión temática general Historia
Subdivisión cronológica Guerra de Independencia, 1810-1823
700 1# - ASIENTO SECUNDARIO -- NOMBRE PERSONAL
Nombre personal Bosch, Matías
Mención de responsabilidad pról.
710 2# - ASIENTO SECUNDARIO -- NOMBRE CORPORATIVO
Nombre corporativo o de jurisdicción Ministerio de Cultura (República Dominicana)
910 ## - VALIDACIÓN
Validación VMateo
942 ## - ADDED ENTRY ELEMENTS (KOHA)
Source of classification or shelving scheme Dewey Decimal Classification
Koha item type Libros
Existencias
Withdrawn status Lost status Source of classification or shelving scheme Damaged status Not for loan Collection code Home library Current library Date acquired Source of acquisition Full call number Barcode Date last seen Price effective from Koha item type Copy number
    Dewey Decimal Classification     Colección Dominicana Biblioteca Pública Metropolitana Salomé Ureña Biblioteca Pública Metropolitana Salomé Ureña 05/18/2021 Editora Nacional BPMSU CD 987.04 B742B 2020 BPMSU21050122 05/18/2021 05/18/2021 Libros  
    Dewey Decimal Classification     Colección Dominicana Biblioteca Pública Metropolitana Salomé Ureña Biblioteca Pública Metropolitana Salomé Ureña 05/18/2021 Editora Nacional BPMSU CD 987.04 B742B 2020 BPMSU21050123 05/19/2021 05/18/2021 Libros e.2
    Dewey Decimal Classification     Colección Dominicana Biblioteca Pública Metropolitana Salomé Ureña Biblioteca Pública Metropolitana Salomé Ureña 05/18/2021 Editora Nacional BPMSU CD 987.04 B742B 2020 BPMSU21050124 05/19/2021 05/18/2021 Libros e.3